Wszystkie Flagi Bałtyckie - Nagła Śmierć - Statystyki

Ogólne statystyki
  • Ten quiz został rozwiązany 1 211 razy
  • Średni wynik to 6 z 9
Answers on the Grid
Answers color-coded by a green-red scale on the quiz's grid according to % correct below.
 
Statystyki odpowiedzi
Odpowiedź % Poprawnych
78%
68%
68%
65%
65%
63%
60%
58%
57%
Nie znaleziono quizów pasujących do podanych kryteriów
Rozkład punktacji
Procent ludzi z każdym wynikiem
Percentyl według liczby udzielonych odpowiedzi
Twoja historia wyników
Nie rozwiązałeś tego quizu